A good school for every child : with a foreword by [Kenneth] Baker and David Blunkett.

Salvato in:
Dettagli Bibliografici
Autore principale: TAYLOR, Cyril Sir
Natura: Libro
Lingua:inglese
Pubblicazione: Routledge 2009
Tags: Aggiungi Tag
Nessun Tag, puoi essere il primo ad aggiungerne!!

MARC

LEADER 00000nam a22000007a 4500
008 211027b ||||| |||| 00| 0 eng d
020 |a 9780415482530 
100 |a TAYLOR, Cyril Sir 
245 |a A good school for every child : with a foreword by [Kenneth] Baker and David Blunkett.  |c  Sir Cyril Taylor  |g XVIII, 199p. 
260 |b Routledge   |c 2009  |h London  |i 667012  |l LA 632 .T21  |m Education --- Great Britain  |m School improvement programs ---Great Britain 
500 |a It includes bibliographical references and index 
942 |a lcc  |c BK  |e Adeyeye Y. S.  |f 27/10/21 
952 |0 0  |1 0  |2 lcc  |4 0  |6 LA0632 T21  |7 0  |9 3704  |a HOL  |b HOL  |c LP  |d 2021-10-27  |l 0  |o LA 632 .T21  |p 2021-67439  |r 2021-10-27 00:00:00  |w 2021-10-27  |y BK 
999 |c 1844  |d 1844